000 01879nam a2200409 c 4500
003 BLK
005 20240724122701.0
008 180409b bul|||||r ||||||| ||bul||
010 _aKNG00117594000
020 _a954-649-895-5
_bиздат.: Сиела Софт енд Паблишинг - ISBN-10
020 _a978-954-649-895-3
_bиздат.: Сиела Софт енд Паблишинг - ISBN-13
040 _aBLK
041 _aBUL
_cBUL
080 _aОтделни родове. Фамилии. История на родовете
_b929.52
_x(73)Кенеди
_z929.52(73)Кенеди
080 _aПолитика. Вж и 341 ; 342
_b32
_x(73)(092)
_z32(73)(092)
080 _aБиографии
_b929
_x(73)
_z929(73)
100 1 _aКлайн, Едуард Ханс
_eпърви автор
_9312463
700 1 _aВойников, Емил
_eпрев. от англ.
_9312464
139 _aКлайн, Едуард
_bК 50
245 1 0 _aПроклятието Кенеди
_bТрагедията на първото семейство на Америка, която продължава повече от 150 г.
_cЕдуард Ханс Клайн; прев. от англ. Емил Войников.
257 _aUSA
260 София
_bСиела Софт енд Паблишинг
_c2006
300 _a260 с., 8 л. сн.
_c21 см
380 _a9
500 _aОриг. загл. The Kennedy curse / Edward Klein
650 4 _aПрезиденти - САЩ
_9247820
650 4 _aПолитици, американски
_9242316
653 _aфамилии
653 _aсемейство
653 _aамерикански политици
852 _aЦб 227060
856 4 _qpdf
_u
856 4 _qpdf
_u
942 _cKNG
_n0
_014
944 _aCR
_c02.05.2006
_k30530
_lМинев Младен
944 _aED
_c28.06.2007
_k
999 _c112231
_d112231